000 01053nam a22003137a 4500
003 CHAP
005 20220329135550.0
008 971013s1968 r 00010 d
010 _a38612
011 _a39584
035 _a43705
040 _cCHAP
082 _a001.642
_bM5
100 0 0 _aMize, Joe H.
_976282
245 _aEssentials of simulation
260 _aEnglewood Cliffs, N.J. :
_bPrentice-Hall,
_c1968
300 _a234 p
490 _aPrentice-Hall International series in industrial engineering and management science
590 _aBATCH-UPD
_b10
_c20130110
_lUCH01
_h1004
590 _aBATCH-UPD
_b10
_c20130410
_lUCH01
_h0614
590 _aBATCH-UPD
_b10
_c20130914
_lUCH01
_h1820
590 _aCONVERSION
_b10
_c20130109
_lUCH01
_h1321
650 1 4 _aSimulación.
_9106523
700 0 _aCox, J. Grady.
_928745
830 0 _aPrentice-Hall International series in industrial engineering and management science
_991395
901 _aBK
942 _cLIBRO
949 _a001.642 M5
_bBC
_cLIBRO
_d33724000288700
_eLIBRO
_h34770
_i43705
_si
_t183.50
999 _c38612
_d38612